| 000 | 02361cam a2200337 i 4500 | ||
|---|---|---|---|
| 001 | 17655336 | ||
| 003 | NUST | ||
| 005 | 20230302092030.0 | ||
| 008 | 130312s2014 mdua b 001 0 eng | ||
| 010 | _a 2013008136 | ||
| 020 | _a9780742566507 (cloth : alk. paper) | ||
| 020 | _a9780742566514 (pbk. : alk. paper) | ||
| 020 | _z9780742566521 (electronic) | ||
| 040 |
_aDLC _beng _cDLC _erda _dDLC |
||
| 042 | _apcc | ||
| 050 | 0 | 0 |
_aU21.2 _b.C37 2014 |
| 082 | 0 | 0 |
_a327.15, CAS _223 |
| 100 | 1 |
_aCashman, Greg. _9109709 |
|
| 245 | 1 | 0 |
_aWhat causes war? : _ban introduction to theories of international conflict / _cGreg Cashman. |
| 250 | _aSecond Edition. | ||
| 264 | 1 |
_aLanham, Maryland : _bRowman & Littlefield, _c[2014] |
|
| 300 |
_axii, 605 pages : _billustrations ; _c26 cm |
||
| 336 |
_atext _2rdacontent |
||
| 337 |
_aunmediated _2rdamedia |
||
| 338 |
_avolume _2rdacarrier |
||
| 505 | _aChapter 1: Empirical Theory and the Causes of War (Page-1),Chapter 2: The Individual Level of Analysis, Part I: Human Aggression (Page-12),Chapter 3: The Individual Level of Analysis, Part II: Psychological Explanations for War (Page-49), Chapter 4: The Substate Level of Analysis: Group Decision Making (Page-115), Chapter 5: The State Level of Analysis, Part I: Political, Economic, and Demographic Factors (Page-169),Chapter 6: The State Level of Analysis, Part II: Internal Conflicts, Nationalism, and War Weariness (Page-199),Chapter 7: The Dyadic Level of Analysis, Part I: The Nature of Dyads—Really Bad Dyads and Pretty Good Dyads (Page-237),Chapter 8: The Dyadic Level of Analysis, Part II: International Interactions (Page-279),Chapter 9: The Dyadic Level of Analysis, Part III: Game Theory, Bargaining, and Deterrence Theory (Page-319),Chapter 10: The International System Level of Analysis, Part I: Realism, Anarchy, and the Balance of Power (Page-371),Chapter 11: The International System Level of Analysis, Part II: Power Dynamics, Cyclical Theories, and Historical-Structural Theories of War (Page-407),Chapter 12: Constructivism: A Digression (Page-461),Chapter 13: Conclusion (Page-477). | ||
| 650 | 0 |
_aWar _xCauses. _997132 |
|
| 906 |
_a7 _bcbc _corignew _d1 _eecip _f20 _gy-gencatlg |
||
| 942 |
_2ddc _cBK |
||
| 999 |
_c593490 _d593490 |
||